Las fiestas y el folclor en Colombia / (Registro nro. 3613)
[ vista simple ]
| 000 -LEADER | |
|---|---|
| fixed length control field | 01312nam a2200265Ia 4500 |
| 003 - CONTROL NUMBER IDENTIFIER | |
| control field | OSt |
| 005 - DATE AND TIME OF LATEST TRANSACTION | |
| control field | 20200916205019.0 |
| 008 - FIXED-LENGTH DATA ELEMENTS--GENERAL INFORMATION | |
| fixed length control field | 191128s2006 ck ab gr 001 0 spa d |
| 020 ## - INTERNATIONAL STANDARD BOOK NUMBER | |
| International Standard Book Number | 9789583022432 |
| 040 ## - CATALOGING SOURCE | |
| Original cataloging agency | CO-JMCR |
| Transcribing agency | CO-JMCR |
| 041 0# - LANGUAGE CODE | |
| Language code of text/sound track or separate title | spa |
| 082 04 - DEWEY DECIMAL CLASSIFICATION NUMBER | |
| Classification number | 784.4986 / |
| Item number | O151f |
| Edition number | 23 |
| 100 1# - MAIN ENTRY--PERSONAL NAME | |
| Personal name | Ocampo López, Javier, |
| Relator term | autor |
| 9 (RLIN) | 10326 |
| 245 14 - TITLE STATEMENT | |
| Title | Las fiestas y el folclor en Colombia / |
| Statement of responsibility, etc. | Javier Ocampo López |
| 250 ## - EDITION STATEMENT | |
| Edition statement | Primera edición |
| 260 ## - PUBLICATION, DISTRIBUTION, ETC. | |
| Place of publication, distribution, etc. | Bogotá : |
| Name of publisher, distributor, etc. | Panamericana, |
| Date of publication, distribution, etc. | 2006 |
| 300 ## - PHYSICAL DESCRIPTION | |
| Extent | 273 páginas : |
| Other physical details | ilustraciones y mapas a blanco y negro ; |
| Dimensions | 21 cm. |
| 500 ## - GENERAL NOTE | |
| General note | Incluye índice temático páginas 267-273. |
| 504 ## - BIBLIOGRAPHY, ETC. NOTE | |
| Bibliography, etc. note | Bibliografía: páginas 261-266 |
| 505 0# - FORMATTED CONTENTS NOTE | |
| Formatted contents note | Teoría del folclor -- Las fiestas en el folclor social y religioso -- Las fiestas y el folclor andino -- Las fiestas y el folclor llanero -- Las fiestas y el folclor costeño -- Las fiestas y el folclor del pacífico -- Las fiestas de los indígenas en Colombia |
| 520 3# - SUMMARY, ETC. | |
| Summary, etc. | Siguiendo el precepto de que no debemos "malbaratar nuestra herencia sin conocerla", el presente libro se propone describir y analizar el aspecto folclórico de las fiestas colombianas. |
| 650 14 - SUBJECT ADDED ENTRY--TOPICAL TERM | |
| Topical term or geographic name entry element | Folclor |
| Geographic subdivision | Colombia |
| 9 (RLIN) | 10327 |
| 650 14 - SUBJECT ADDED ENTRY--TOPICAL TERM | |
| Topical term or geographic name entry element | Danzas populares y nacionales colombianas |
| General subdivision | festivales |
| Geographic subdivision | Colombia |
| 9 (RLIN) | 10328 |
| 942 ## - ADDED ENTRY ELEMENTS (KOHA) | |
| Source of classification or shelving scheme | Dewey Decimal Classification |
| Koha item type | Books |
| Withdrawn status | Lost status | Source of classification or shelving scheme | Damaged status | Not for loan | Collection code | Home library | Current library | Date acquired | Source of acquisition | Total Checkouts | Full call number | Barcode | Date last seen | Date last checked out | Copy number | Koha item type |
|---|---|---|---|---|---|---|---|---|---|---|---|---|---|---|---|---|
| Dewey Decimal Classification | Non-fiction | Biblioteca Pública José María del Castillo y Rada | Biblioteca Pública José María del Castillo y Rada | 01/15/2018 | Donación | 3 | 784.4986 / O151f | 201807485 | 02/11/2026 | 02/11/2026 | Ej.1 | Books |